| 000 | 01802nam a22002417a 4500 | ||
|---|---|---|---|
| 008 | 120719t xxu||||| |||| 00| 0 eng d | ||
| 020 | _a0028042069 | ||
| 050 | _aZ52.5.M52 O23 | ||
| 100 | _aOber, Scot | ||
| 245 |
_aMs word 97 manual for Gregg college keyboarding and document processing for windows: lessons 1-120. / _cScot Ober |
||
| 250 | _a8th ed. | ||
| 260 |
_aCalifornia: _bGlencoe McGraw Hill. _c1998. |
||
| 300 |
_avii,160 p.: _bill.; _c20cm. |
||
| 500 | _aIncludes index. | ||
| 505 | _aContents: Intrduction -- Orientation to word processing - A -- Orientation to word processing - B -- Orientation to word processing - C -- Simple reports -- Reports with side headings -- Business letters -- Business letters -- Envelopes -- Memos -- Simple tables -- Tables with column headings -- Tables with number columns -- Tables with totals -- Multipage rouge-draft reports -- Bulleted and numbered lists -- Rouge-drafted reports with bulleted lists -- Reports with displays -- Letters in modified-block style -- Reports with footnotes -- Reports with endnotes -- Preliminary reports pages -- Resumes -- Multipage letters -- Multipage memos with tables -- Formal reports project -- Adding and deleting cells -- Joining and splitting cells -- Caculations -- Formatting options -- Memos -- Invoice -- Labels -- Different-sized stationary -- Form letters -- Meeting reports -- Manuscript reports -- Directories -- Tables formatted sideways -- Multipage tables -- Designing letterheads -- Designing memo forms -- Designing cover pages -- Legal -- Appendix. | ||
| 650 |
_aWord processing _x Problems, exercises, etc. |
||
| 700 | _aHanson, Robert N. | ||
| 700 | _aJohnson, Jack E. | ||
| 700 | _aRice, Arlene. | ||
| 700 | _aPoland, Robert P. | ||
| 700 | _aRossetti, Albert D. | ||
| 942 |
_2lcc _cBK |
||
| 999 |
_c1753 _d9253 |
||